| 000 | 00388nam a2200157Ia 4500 | ||
|---|---|---|---|
| 008 | 230524s9999 xx 000 0 und d | ||
| 082 | _bRAO | ||
| 100 |
_aRega Surya Rao _940623 |
||
| 245 | 0 | _aLectures on Jurisprudence & Legal Theory | |
| 250 | _a1 | ||
| 260 |
_aVisakhapatnam _bSunny Gogia |
||
| 300 | _a225p; | ||
| 500 | _aQuantity Number: 1 | ||
| 650 | _aManagement | ||
| 942 | _cBK | ||
| 999 |
_c54971 _d54971 |
||